[Event "Lichtenberger Sommer 2019"]
[Site "Berlin"]
[Date "2019.08.17"]
[Round "1.1"]
[White "Stern, René"]
[Black "Kopischke, Maik"]
[Result "1-0"]
[WhiteElo "2515"]
[BlackElo "1826"]
[PlyCount "47"]
[EventDate "2019.??.??"]
[WhiteTeam "SK König Tegel"]
[BlackTeam "SC Zugzwang 95 (Berlin)"]

1. Nf3 Nf6 2. c4 c5 3. Nc3 Nc6 4. e3 g6 5. d4 cxd4 6. exd4 d5 7. cxd5 Nxd5 8.
Qb3 Nxc3 9. Bc4 e6 10. bxc3 Bg7 11. Ba3 Bd7 12. Be2 Qa5 13. O-O Rc8 14. Rac1 h5
15. h4 Bf6 16. Rfe1 g5 17. d5 Ne5 18. Nxe5 Bxe5 19. dxe6 fxe6 20. Bb4 Qc7 21.
Bb5 Rh6 22. hxg5 Rg6 23. Bxd7+ Kxd7 24. Qa4+ 1-0

[Event "Lichtenberger Sommer 2019"]
[Site "Berlin"]
[Date "2019.08.17"]
[Round "1.2"]
[White "Hoyer, Olaf"]
[Black "Ahmadinia, Ebrahim"]
[Result "0-1"]
[WhiteElo "1824"]
[BlackElo "2453"]
[PlyCount "54"]
[EventDate "2019.??.??"]
[WhiteTeam "SC BS Gliesmarode"]
[BlackTeam "SF 1903 Berlin"]

1. d4 g6 2. g3 Bg7 3. Bg2 Nf6 4. Nf3 d6 5. O-O O-O 6. c4 a6 7. Nc3 Nc6 8. Re1
Bd7 9. Rb1 Rb8 10. e4 e5 11. dxe5 dxe5 12. Nd5 Bg4 13. h3 Bxf3 14. Bxf3 Nd4 15.
Bg2 c6 16. Nc3 b5 17. cxb5 axb5 18. b4 Qe7 19. Bg5 h6 20. Be3 Rfd8 21. Qc1 Kh7
22. Ne2 Rbc8 23. Qc5 Qxc5 24. bxc5 Nc2 25. Red1 Nxe3 26. fxe3 Rxd1+ 27. Rxd1
Bf8 0-1

[Event "Lichtenberger Sommer 2019"]
[Site "Berlin"]
[Date "2019.08.17"]
[Round "1.3"]
[White "Thinius, Marco"]
[Black "Ziems, Michael"]
[Result "1-0"]
[WhiteElo "2404"]
[BlackElo "1820"]
[PlyCount "49"]
[EventDate "2019.??.??"]
[WhiteTeam "SV Empor Berlin"]
[BlackTeam "SV Empor Berlin"]

1. Nf3 d5 2. g3 Nf6 3. Bg2 e6 4. O-O c5 5. c4 Nc6 6. d4 dxc4 7. Ne5 Nxe5 8.
dxe5 Nd7 9. f4 Be7 10. Na3 Nb6 11. Qxd8+ Bxd8 12. Be3 Be7 13. Rfc1 O-O 14. Nxc4
Nd5 15. Bf2 b6 16. a3 Ba6 17. b3 Rac8 18. Ra2 Rfd8 19. Rd2 Rd7 20. Rcd1 Rdc7
21. Bxd5 exd5 22. Rxd5 b5 23. Nd6 Rd8 24. Rxc5 Rxc5 25. Bxc5 1-0

[Event "Lichtenberger Sommer 2019"]
[Site "Berlin"]
[Date "2019.08.17"]
[Round "1.4"]
[White "Korell, Klaus-Peter"]
[Black "Figura, Atila Gajo"]
[Result "0-1"]
[WhiteElo "1816"]
[BlackElo "2394"]
[PlyCount "90"]
[EventDate "2019.??.??"]
[WhiteTeam "SG TT/Wiheil"]
[BlackTeam "SK Zehlendorf"]

1. d4 Nf6 2. c4 b6 3. Nc3 Bb7 4. Qc2 e6 5. e4 d5 6. cxd5 exd5 7. e5 Nfd7 8. Nf3
Be7 9. Bd3 Nf8 10. O-O Ne6 11. Be3 g6 12. a3 O-O 13. b4 c6 14. Ne2 Qc8 15. Nf4
Ba6 16. Rfc1 Bxd3 17. Nxd3 Qd7 18. Qd2 a5 19. Nf4 axb4 20. Nxe6 fxe6 21. axb4
Na6 22. Rab1 Rfc8 23. Ne1 Nc7 24. Nd3 Nb5 25. Ra1 Na3 26. Nb2 Nc4 27. Nxc4 dxc4
28. Rxa8 Rxa8 29. Rxc4 Ra1+ 30. Rc1 Rxc1+ 31. Qxc1 Bxb4 32. Qc4 Bf8 33. h3 b5
34. Qa2 Kf7 35. Qb2 b4 36. Kf1 c5 37. Ke1 c4 38. Qe2 Qd5 39. Qf3+ Qxf3 40. gxf3
Ke8 41. Kd2 Kd7 42. Bg5 Kc6 43. Bd8 Kd5 44. Bb6 b3 45. Kc3 Bb4+ 0-1

[Event "Lichtenberger Sommer 2019"]
[Site "Berlin"]
[Date "2019.08.17"]
[Round "1.5"]
[White "Ortmann, David"]
[Black "Matitschka, Johannes"]
[Result "1-0"]
[WhiteElo "2340"]
[BlackElo "1815"]
[PlyCount "45"]
[EventDate "2019.??.??"]
[WhiteTeam "SC Böblingen"]
[BlackTeam "TSG Oberschöneweide"]

1. Nf3 Nf6 2. c4 g6 3. Nc3 Bg7 4. e4 d6 5. d4 O-O 6. Be2 Nbd7 7. O-O e5 8. Be3
exd4 9. Nxd4 Nc5 10. f3 a5 11. Qd2 Nh5 12. Rad1 Be6 13. f4 Nf6 14. Nxe6 Nxe6
15. f5 Nc5 16. e5 Nfe4 17. Nxe4 Nxe4 18. Qc2 Bxe5 19. Qxe4 Re8 20. Qf3 gxf5 21.
Bd3 Bxb2 22. Qxf5 Qh4 23. Rf4 1-0

[Event "Lichtenberger Sommer 2019"]
[Site "Berlin"]
[Date "2019.08.17"]
[Round "1.6"]
[White "Schmalzried, Volker"]
[Black "Rosmann, Ilja"]
[Result "0-1"]
[WhiteElo "1808"]
[BlackElo "2323"]
[PlyCount "40"]
[EventDate "2019.??.??"]
[BlackTeam "Königsspringer SC 1984"]

1. c4 e5 2. Nc3 Nf6 3. g3 Bb4 4. Bg2 O-O 5. Nf3 Re8 6. O-O c6 7. a3 Bf8 8. b4
e4 9. Ng5 d5 10. d3 h6 11. Nh3 a5 12. Rb1 axb4 13. axb4 exd3 14. exd3 Bg4 15.
Qb3 Qd7 16. Nf4 g5 17. cxd5 gxf4 18. dxc6 Nxc6 19. Bxf4 Nd4 20. Qb2 Bf3 0-1

[Event "Lichtenberger Sommer 2019"]
[Site "Berlin"]
[Date "2019.08.17"]
[Round "1.7"]
[White "Barseghyan, Armen Ar"]
[Black "Döring, Martin"]
[Result "1-0"]
[WhiteElo "2313"]
[BlackElo "1807"]
[PlyCount "109"]
[EventDate "2019.??.??"]
[BlackTeam "SC Weisse Dame"]

1. d4 Nf6 2. Nf3 g6 3. c4 Bg7 4. b3 O-O 5. Bb2 c5 6. g3 b6 7. Bg2 Bb7 8. d5 d6
9. O-O Nbd7 10. Re1 Qc7 11. e4 Nh5 12. Bxg7 Nxg7 13. Nc3 a6 14. Qd2 Rad8 15.
Qh6 f6 16. Bh3 Ne5 17. Nxe5 fxe5 18. f4 exf4 19. gxf4 Bc8 20. Rf1 Bxh3 21. Qxh3
Qc8 22. Qg2 Kh8 23. Rf3 Nh5 24. Raf1 Qd7 25. e5 Qf5 26. Kh1 Rb8 27. Qe2 Ng7 28.
Ne4 Rbd8 29. e6 Nxe6 30. dxe6 Qxe6 31. f5 gxf5 32. Qb2+ Qe5 33. Qxe5+ dxe5 34.
Rxf5 Rxf5 35. Rxf5 Rd1+ 36. Kg2 Kg7 37. Rxe5 Kf7 38. Nc3 Rd3 39. Nd5 e6 40.
Nxb6 Rd2+ 41. Kg3 Rxa2 42. Na4 Kf6 43. Re3 Ra1 44. Nxc5 e5 45. Nd7+ Ke6 46.
Nxe5 Kd6 47. Nd3 a5 48. Rf3 Rg1+ 49. Kf2 Rh1 50. Rf6+ Ke7 51. Rh6 Rd1 52. Ke3
Rb1 53. Rxh7+ Kd6 54. Rh6+ Ke7 55. Nc5 1-0

[Event "Lichtenberger Sommer 2019"]
[Site "Berlin"]
[Date "2019.08.17"]
[Round "1.8"]
[White "Mayer, Herbert"]
[Black "Nötzel, Felix"]
[Result "0-1"]
[WhiteElo "1804"]
[BlackElo "2262"]
[PlyCount "78"]
[EventDate "2019.??.??"]
[WhiteTeam "SC Rochade (Berlin)"]
[BlackTeam "SF 1903 Berlin"]

1. f4 d5 2. b3 Nf6 3. e3 c5 4. Bb2 Nc6 5. Bb5 g6 6. Nf3 Bg7 7. O-O O-O 8. Bxc6
bxc6 9. Ne5 Qd6 10. Qe1 Ng4 11. d4 cxd4 12. exd4 Nxe5 13. fxe5 Qe6 14. Nd2 f6
15. exf6 exf6 16. Qxe6+ Bxe6 17. Rae1 Rfe8 18. Nf3 Bf5 19. c3 Bd3 20. Rxe8+
Rxe8 21. Re1 Rxe1+ 22. Nxe1 Bb1 23. a3 Bh6 24. Kf2 Ba2 25. b4 Bc4 26. Nc2 Bd2
27. Ne3 Kf7 28. Nd1 Ke6 29. Kf3 h5 30. Ne3 Bd3 31. a4 g5 32. h3 f5 33. Nd1 f4
34. Kf2 Kf5 35. a5 Ke4 36. Ba3 Bb5 37. Nb2 g4 38. Nd1 g3+ 39. Kg1 Kd3 0-1

[Event "Lichtenberger Sommer 2019"]
[Site "Berlin"]
[Date "2019.08.17"]
[Round "1.9"]
[White "Sieglen, Joachim"]
[Black "Fock, Sana"]
[Result "1/2-1/2"]
[WhiteElo "2218"]
[BlackElo "1800"]
[PlyCount "53"]
[EventDate "2019.??.??"]
[WhiteTeam "SC Untergrombach"]
[BlackTeam "SC Kreuzberg"]

1. d4 d5 2. c4 e6 3. Nf3 Nf6 4. g3 Bb4+ 5. Bd2 Be7 6. Bg2 c6 7. Qc2 O-O 8. O-O
b6 9. a4 a5 10. b3 Bb7 11. Nc3 Nbd7 12. Rfd1 Rc8 13. e4 dxe4 14. Nxe4 Nxe4 15.
Qxe4 Nf6 16. Qc2 Re8 17. Bf4 Bb4 18. Ne5 Qe7 19. Nd3 Bd6 20. Bd2 c5 21. Bxb7
Qxb7 22. dxc5 Bxc5 23. Nxc5 Rxc5 24. Be3 Rc7 25. f3 Nd5 26. Bd2 b5 27. axb5
1/2-1/2

[Event "Lichtenberger Sommer 2019"]
[Site "Berlin"]
[Date "2019.08.17"]
[Round "1.10"]
[White "Rehder, Frank"]
[Black "Petersen, Soren Boeck"]
[Result "0-1"]
[WhiteElo "1793"]
[BlackElo "2218"]
[PlyCount "98"]
[EventDate "2019.??.??"]
[WhiteTeam "SC Zugzwang 95 (Berlin)"]
[BlackTeam "Damhus Skakklub"]

1. d4 d5 2. Nf3 Nf6 3. e3 e6 4. Bd3 Be7 5. O-O O-O 6. b3 b6 7. Bb2 Bb7 8. Nbd2
Nbd7 9. Qe2 Ne4 10. c4 Ndf6 11. a3 c5 12. Rac1 Rc8 13. Ne5 Nxd2 14. Qxd2 Ne4
15. Qe2 f6 16. Nf3 Bd6 17. Rfd1 Qe7 18. a4 Rfd8 19. Ne1 Qc7 20. g3 f5 21. Ng2
Qf7 22. Rf1 Rc7 23. f3 Nf6 24. Ba3 g6 25. dxc5 bxc5 26. Bb2 Bf8 27. e4 dxe4 28.
fxe4 Nxe4 29. Nf4 Rcd7 30. Rcd1 g5 31. Nh3 h6 32. Nf2 Nxf2 33. Rxf2 Bg7 34.
Bxg7 Kxg7 35. Rff1 Qf6 36. Bc2 Rxd1 37. Rxd1 Rxd1+ 38. Qxd1 Qd4+ 39. Qxd4+ cxd4
40. b4 Kf6 41. b5 Ke5 42. c5 Kd5 43. c6 Bc8 44. Kf2 e5 45. Bb3+ Kc5 46. Bf7 e4
47. Be8 Kd6 48. a5 Kc7 49. Ke2 Be6 0-1

[Event "Lichtenberger Sommer 2019"]
[Site "Berlin"]
[Date "2019.08.17"]
[Round "1.11"]
[White "George, Tom"]
[Black "Wallmann, Bodo"]
[Result "1/2-1/2"]
[WhiteElo "2210"]
[BlackElo "1789"]
[PlyCount "142"]
[EventDate "2019.??.??"]
[WhiteTeam "SG Stadtilm"]
[BlackTeam "SC Kreuzberg"]

1. d4 d5 2. c4 e6 3. Nf3 Nf6 4. g3 c6 5. Bg2 Nbd7 6. O-O Be7 7. Nbd2 O-O 8. Qc2
Re8 9. e4 dxe4 10. Nxe4 Nxe4 11. Qxe4 Nf6 12. Qe2 Bd6 13. a3 a5 14. b3 h6 15.
Ne5 Nd7 16. Rd1 Qe7 17. Bb2 Rb8 18. Qd2 Bc7 19. Qc3 Nxe5 20. dxe5 c5 21. Qe1
Rd8 22. Bc3 b6 23. b4 Bd7 24. bxa5 Ba4 25. Rxd8+ Rxd8 26. a6 Bb8 27. Rb1 Ba7
28. Be4 Rd7 29. Qe2 Qd8 30. Kg2 Qc8 31. Qf3 Qxa6 32. Bc6 Bxc6 33. Qxc6 Qb7 34.
Qxb7 Rxb7 35. a4 Bb8 36. a5 Bc7 37. Kf3 Kf8 38. Ke4 Ke7 39. f4 g6 40. Bd2 Kd7
41. g4 Kc6 42. axb6 Bxb6 43. f5 gxf5+ 44. gxf5 h5 45. f6 Rd7 46. Be3 Ra7 47.
Rd1 Ra4 48. Rd6+ Kc7 49. Rxe6 fxe6 50. f7 Ra8 51. Bh6 Kd7 52. f8=Q Rxf8 53.
Bxf8 Ke8 54. Bh6 Kf7 55. Bg5 Kg6 56. Be7 Ba7 57. Kf4 Bb6 58. Bd6 Ba7 59. Bc7
Kh6 60. Bd8 Kg6 61. Bh4 Bb6 62. Be1 Bc7 63. Bd2 Bb6 64. Ke4 Bc7 65. Be3 Bb6 66.
h4 Ba7 67. Bg5 Kf7 68. Bf6 Bb6 69. Kd3 Kg6 70. Ke4 Kf7 71. Kf4 Kg6 1/2-1/2

[Event "Lichtenberger Sommer 2019"]
[Site "Berlin"]
[Date "2019.08.17"]
[Round "1.12"]
[White "Villuela, Roberto"]
[Black "Syre, Christian"]
[Result "1/2-1/2"]
[WhiteElo "1787"]
[BlackElo "2198"]
[PlyCount "85"]
[EventDate "2019.??.??"]
[WhiteTeam "Nairobi Chess Club"]

1. d4 Nf6 2. Bf4 c5 3. e3 e6 4. Nf3 b6 5. Bd3 Be7 6. h3 Bb7 7. O-O Nc6 8. c3
O-O 9. Nbd2 Rc8 10. Qe2 d6 11. Rfd1 Qc7 12. Ne4 cxd4 13. exd4 Rfe8 14. Nfg5
Nxe4 15. Bxe4 Bxg5 16. Bxg5 Ne7 17. Bxb7 Qxb7 18. Bxe7 Qxe7 19. Rd3 Rc7 20. Re3
Qf6 21. Re1 Rec8 22. Qa6 g6 23. a3 Qf5 24. Qe2 b5 25. Qf3 Qxf3 26. Rxf3 Kg7 27.
Kf1 h5 28. h4 a5 29. Ke2 b4 30. axb4 axb4 31. Kd2 Ra7 32. Kc2 d5 33. Rc1 bxc3
34. Rxc3 Rb8 35. Rb1 Rb4 36. Rd3 Rc7+ 37. Kd2 Kf8 38. b3 Ke7 39. Ra1 Rcb7 40.
Kc2 Rc7+ 41. Kd2 Rcb7 42. Kc2 Rc7+ 43. Kd2 1/2-1/2

[Event "Lichtenberger Sommer 2019"]
[Site "Berlin"]
[Date "2019.08.17"]
[Round "1.13"]
[White "Neffe, Axel"]
[Black "Mock, Peter"]
[Result "1-0"]
[WhiteElo "2198"]
[BlackElo "1784"]
[PlyCount "31"]
[EventDate "2019.??.??"]
[WhiteTeam "SF Hamburg"]
[BlackTeam "SC Rochade (Berlin)"]

1. e4 c6 2. d4 d5 3. Nc3 dxe4 4. Nxe4 Nd7 5. Ng5 Ngf6 6. Bc4 e6 7. Qe2 Nb6 8.
Bd3 Be7 9. N1f3 O-O 10. h4 c5 11. Nxh7 Nxh7 12. Bxh7+ Kxh7 13. Ng5+ Bxg5 14.
hxg5+ Kg6 15. Qh5+ Kf5 16. g6+ 1-0

[Event "Lichtenberger Sommer 2019"]
[Site "Berlin"]
[Date "2019.08.17"]
[Round "1.14"]
[White "Bandsom, Olaf"]
[Black "Hesse, Henrik"]
[Result "0-1"]
[WhiteElo "1784"]
[BlackElo "2185"]
[PlyCount "55"]
[EventDate "2019.??.??"]
[WhiteTeam "SC Friesen Lichtenberg"]
[BlackTeam "SV Mattnetz Berlin"]

1. e4 c5 2. Nf3 e6 3. d4 cxd4 4. Nxd4 Nc6 5. c3 Qc7 6. Be2 Nf6 7. Bf3 Ne5 8.
O-O Be7 9. g3 Nxf3+ 10. Qxf3 O-O 11. Nd2 a6 12. N2b3 d6 13. Re1 b6 14. Qe2 Bb7
15. f3 Nd7 16. Be3 d5 17. exd5 Bxd5 18. Bf4 Qc8 19. Rac1 Bc4 20. Qc2 Bf6 21.
Be3 Ne5 22. Nd2 Nd3 23. Nxc4 Qxc4 24. Red1 Nxc1 25. Bxc1 Qxa2 26. Nb3 Rfd8 27.
Bd2 Qa4 28. Ra1 0-1

[Event "Lichtenberger Sommer 2019"]
[Site "Berlin"]
[Date "2019.08.17"]
[Round "1.15"]
[White "Möller, Dustin"]
[Black "Bade, Heidrun"]
[Result "1-0"]
[WhiteElo "2178"]
[BlackElo "1783"]
[PlyCount "57"]
[EventDate "2019.??.??"]
[WhiteTeam "Eckernförder SC"]
[BlackTeam "USV Potsdam"]

1. d4 d5 2. Nf3 Nf6 3. e3 Bf5 4. c4 e6 5. Qb3 Qc8 6. Nc3 c6 7. Be2 Be7 8. Ne5
Nbd7 9. f4 Ne4 10. O-O Qc7 11. g4 Nxc3 12. bxc3 Be4 13. cxd5 exd5 14. Bf3 Nxe5
15. fxe5 Bg6 16. c4 dxc4 17. Qxc4 Qd7 18. e4 O-O 19. Be3 b6 20. Rac1 Rac8 21.
Rc2 Qe6 22. Rfc1 Qd7 23. Qa4 Qb7 24. Rxc6 Rxc6 25. Qxc6 Qa6 26. Qc4 Qa3 27. Rc3
Qb2 28. Qb3 Qxb3 29. axb3 1-0

[Event "Lichtenberger Sommer 2019"]
[Site "Berlin"]
[Date "2019.08.17"]
[Round "1.16"]
[White "Schindler, Rudolf"]
[Black "Kohler, Thomas"]
[Result "0-1"]
[WhiteElo "1780"]
[BlackElo "2178"]
[PlyCount "48"]
[EventDate "2019.??.??"]
[WhiteTeam "Lasker Steglitz-Wilmersdorf"]
[BlackTeam "SC Zitadelle Spandau"]

1. Nf3 Nf6 2. c4 g6 3. Nc3 Bg7 4. g3 O-O 5. Bg2 d6 6. O-O Nc6 7. d3 e5 8. h3 h6
9. d4 Bd7 10. dxe5 dxe5 11. Be3 Be6 12. Qxd8 Rfxd8 13. b3 Ne8 14. Rad1 f5 15.
Nd5 e4 16. Nh2 Bxd5 17. Rxd5 Rxd5 18. cxd5 Nb4 19. Rd1 Nxa2 20. f3 Nc3 21. Rd2
Nd6 22. Nf1 a5 23. Bd4 Bxd4+ 24. Rxd4 Nxe2+ 0-1

[Event "Lichtenberger Sommer 2019"]
[Site "Berlin"]
[Date "2019.08.17"]
[Round "1.17"]
[White "Hermannsdörfer, Frank"]
[Black "Eisheh, Jens-Tarek"]
[Result "1-0"]
[WhiteElo "2177"]
[BlackElo "1779"]
[PlyCount "105"]
[EventDate "2019.??.??"]
[WhiteTeam "SV Liebschwitz"]
[BlackTeam "Lübecker SV"]

1. b3 c5 2. Bb2 Nc6 3. Nf3 d6 4. d4 cxd4 5. Nxd4 Nf6 6. Nxc6 bxc6 7. g3 e5 8.
Bg2 Qc7 9. c4 Be7 10. O-O O-O 11. Nc3 Be6 12. Rc1 Rad8 13. Qd2 Qd7 14. Rfd1 Bh3
15. Bh1 h6 16. Na4 Ng4 17. e3 a6 18. c5 d5 19. f3 Bg5 20. fxg4 d4 21. Re1 Qxg4
22. Qd1 Qxd1 23. Rcxd1 dxe3 24. Rd6 Be7 25. Rxd8 Rxd8 26. Bc3 Bg5 27. Bg2 Bg4
28. h4 Be7 29. Rxe3 f6 30. Bxc6 Rd1+ 31. Kf2 Rc1 32. Be4 Kf7 33. Re1 Bxc5+ 34.
Nxc5 Rxc3 35. Nxa6 f5 36. Bd5+ Kf6 37. Nb4 g5 38. hxg5+ hxg5 39. Bc4 Rf3+ 40.
Kg2 f4 41. gxf4 gxf4 42. Nd5+ Kf5 43. Ne7+ Kf6 44. Ng8+ Kg7 45. Rxe5 Rg3+ 46.
Kf2 Bh3 47. Bd5 Rc3 48. Rh5 Rc2+ 49. Kf3 Bg2+ 50. Kxf4 Bxd5 51. Rxd5 Kxg8 52.
a4 Rc3 53. Rb5 1-0

[Event "Lichtenberger Sommer 2019"]
[Site "Berlin"]
[Date "2019.08.17"]
[Round "1.18"]
[White "Fiß, Wolfgang"]
[Black "Zeitz, Philip"]
[Result "0-1"]
[WhiteElo "1778"]
[BlackElo "2170"]
[PlyCount "100"]
[EventDate "2019.??.??"]
[WhiteTeam "SC Oranienburg"]
[BlackTeam "SC Kreuzberg"]

1. d4 d5 2. c4 c6 3. Nc3 dxc4 4. Bf4 b5 5. g3 Nf6 6. Bg2 Nd5 7. Bxd5 cxd5 8.
Nxb5 Qa5+ 9. Nc3 Nc6 10. a3 e6 11. Nf3 Bd7 12. O-O f5 13. Ne5 Be7 14. e3 Nxe5
15. Bxe5 O-O 16. Kh1 Be8 17. Rg1 Qd8 18. Rb1 Rc8 19. h3 Bg6 20. Rc1 Qe8 21. f4
Bf6 22. Bd6 Be7 23. Be5 Qd7 24. Rc2 Bf6 25. Bxf6 Rxf6 26. Rcg2 Rc7 27. Na4 Bh5
28. g4 fxg4 29. Nc5 Qc8 30. hxg4 Bg6 31. g5 Rf8 32. Kh2 Qe8 33. Rg3 Bf5 34. Kg2
Qb5 35. Na4 Rb8 36. Rf1 Qe8 37. Rf2 Rcb7 38. Kh2 Rb3 39. e4 Rxg3 40. Kxg3 Bxe4
41. Nc5 Bf5 42. Qe2 Qg6 43. Rh2 h6 44. Nd7 Rb3+ 45. Kf2 Bd3 46. Ne5 Qf5 47.
Nxd3 cxd3 48. Qd2 hxg5 49. Kg1 Qxf4 50. Qa5 Qc1+ 0-1

[Event "Lichtenberger Sommer 2019"]
[Site "Berlin"]
[Date "2019.08.17"]
[Round "1.19"]
[White "Amelang, Thomas"]
[Black "Kohlmeyer, Dagobert"]
[Result "1-0"]
[WhiteElo "2165"]
[BlackElo "1776"]
[PlyCount "89"]
[EventDate "2019.??.??"]
[WhiteTeam "Münchener SC"]
[BlackTeam "SG Weißensee 49"]

1. e4 e6 2. d4 d5 3. exd5 exd5 4. Bd3 Bd6 5. Nf3 Nf6 6. O-O O-O 7. Bg5 h6 8.
Bh4 Nc6 9. c3 a6 10. Re1 Be6 11. Nbd2 Be7 12. Ne5 Re8 13. f4 Nxe5 14. fxe5 Nd7
15. Bxe7 Qxe7 16. Re3 c5 17. Rg3 cxd4 18. cxd4 Qh4 19. Nb3 b5 20. Qd2 Rac8 21.
Rf1 g5 22. Bb1 Kg7 23. Rgf3 Rh8 24. Qa5 Rc6 25. g3 Qg4 26. Qa3 Re8 27. Qa5 Rec8
28. Qd2 Rc4 29. Qf2 Rf8 30. Bd3 Rcc8 31. Bf5 Bxf5 32. Rxf5 Qh5 33. Nc5 Nxc5 34.
dxc5 Rc7 35. e6 Re7 36. Qd4+ Kg8 37. exf7+ Rexf7 38. Qxd5 Kg7 39. Qxf7+ Rxf7
40. Rxf7+ Qxf7 41. Rxf7+ Kxf7 42. b4 Ke6 43. Kf2 Kd5 44. Kf3 a5 45. a3 1-0

[Event "Lichtenberger Sommer 2019"]
[Site "Berlin"]
[Date "2019.08.17"]
[Round "1.20"]
[White "Manz, Andreas"]
[Black "Wierzbicki, Jirawat"]
[Result "0-1"]
[WhiteElo "1775"]
[BlackElo "2160"]
[PlyCount "66"]
[EventDate "2019.??.??"]
[WhiteTeam "BSV 63 Chemie Weißensee"]
[BlackTeam "SK König Tegel"]

1. d4 d5 2. c4 dxc4 3. e3 e5 4. Bxc4 exd4 5. exd4 Bd6 6. Qe2+ Qe7 7. Qxe7+ Nxe7
8. Nc3 O-O 9. Nf3 Nbc6 10. O-O Bg4 11. Be2 a6 12. Ne4 Bxf3 13. Bxf3 Nxd4 14.
Bd1 Bb4 15. Bf4 Nd5 16. Bd2 Rfe8 17. Bxb4 Nxb4 18. Nc3 Rad8 19. g3 Nd3 20. Rb1
Ne5 21. Rc1 Nc4 22. Nb1 Nxb2 23. Kg2 Nxd1 24. Rfxd1 Nc6 25. Nc3 Rxd1 26. Rxd1
Rd8 27. Re1 Kf8 28. h4 g6 29. Re4 Rd4 30. Re2 f5 31. Rb2 b6 32. Re2 Rd3 33. Nb1
Nd4 0-1

[Event "Lichtenberger Sommer 2019"]
[Site "Berlin"]
[Date "2019.08.17"]
[Round "1.21"]
[White "Tschernatsch, Johannes"]
[Black "Neuwald, Volker"]
[Result "0-1"]
[WhiteElo "2155"]
[BlackElo "1774"]
[PlyCount "120"]
[EventDate "2019.??.??"]
[WhiteTeam "SC Empor Potsdam"]
[BlackTeam "SK Ottenau"]

1. e4 e6 2. d4 d5 3. Nd2 a6 4. Ngf3 Nf6 5. e5 Nfd7 6. c3 c5 7. Bd3 Nc6 8. b3 b5
9. Bb2 Qb6 10. O-O cxd4 11. cxd4 Be7 12. Rc1 Bb7 13. Qe2 O-O 14. Bb1 Rfc8 15.
h4 b4 16. Rfe1 a5 17. Qe3 Ba6 18. Qf4 h6 19. Nh2 Qd8 20. Ndf3 Qf8 21. g4 g6 22.
Qg3 Qg7 23. Nd2 h5 24. f4 hxg4 25. Nxg4 Bb5 26. Nf3 Na7 27. Kf2 a4 28. bxa4
Bxa4 29. Rg1 Nb5 30. Rxc8+ Rxc8 31. f5 exf5 32. Bxf5 Nc3 33. e6 fxe6 34. Bxe6+
Kh8 35. Bxc3 bxc3 36. Nge5 Nxe5 37. Qxe5 Qxe5 38. Nxe5 Bxh4+ 39. Kf3 Rf8+ 40.
Kg4 Bf2 41. Rb1 Bc2 42. Rb7 Be4 43. Bxd5 Bf5+ 44. Kf3 c2 45. Rc7 Bxd4 46. Nf7+
Rxf7 47. Bxf7 Bb2 48. a4 c1=Q 49. Rxc1 Bxc1 50. a5 Ba3 51. a6 Bc5 52. Bd5 Kg7
53. Bb7 Kf6 54. Kf4 g5+ 55. Kg3 Ke5 56. Kf3 Kd6 57. Kg3 Kc7 58. Bd5 Kb6 59. Bb7
Bd3 60. Kg4 Be3 0-1

[Event "Lichtenberger Sommer 2019"]
[Site "Berlin"]
[Date "2019.08.17"]
[Round "1.22"]
[White "Hoffbauer, Jörg"]
[Black "Niehaus, Frank"]
[Result "1/2-1/2"]
[WhiteElo "1773"]
[BlackElo "2143"]
[PlyCount "110"]
[EventDate "2019.??.??"]
[WhiteTeam "SF 1903 Berlin"]
[BlackTeam "SK König Tegel"]

1. c4 Nf6 2. Nc3 g6 3. e3 Bg7 4. Nf3 O-O 5. d4 d6 6. Bd3 Nbd7 7. O-O e5 8. Bc2
Re8 9. b4 c6 10. Bb2 e4 11. Nd2 d5 12. Bb3 Nf8 13. Re1 h5 14. h3 N8h7 15. f3
Qd6 16. cxd5 cxd5 17. Qe2 Ng5 18. f4 Ne6 19. Nf1 Nc7 20. a3 Bd7 21. Rac1 Rec8
22. Rc2 Ne6 23. Rec1 Rc7 24. Nb5 Rxc2 25. Rxc2 Qa6 26. Nc3 Qxe2 27. Rxe2 Nc7
28. Rc2 Rc8 29. a4 Bf8 30. b5 Be6 31. Na2 Nce8 32. Rxc8 Bxc8 33. Bc3 Bd6 34.
Bb4 Bxb4 35. Nxb4 Nc7 36. Nd2 Kf8 37. Nb1 Ke7 38. Nc3 Kd6 39. Kf2 h4 40. a5 Be6
41. Ke1 Nd7 42. Ba4 Nf6 43. Bb3 Nd7 44. Kd2 Nf6 45. Bd1 Nd7 46. Be2 Nf6 47. Kc2
Nd7 48. Kb3 f6 49. Ka4 g5 50. fxg5 fxg5 51. a6 bxa6 52. bxa6 Nb6+ 53. Ka5 Bd7
54. Bf1 Be8 55. Be2 Bd7 1/2-1/2

[Event "Lichtenberger Sommer 2019"]
[Site "Berlin"]
[Date "2019.08.17"]
[Round "1.23"]
[White "Hillmann, Michael"]
[Black "Woinowski, Michael"]
[Result "1-0"]
[WhiteElo "2138"]
[BlackElo "1768"]
[PlyCount "95"]
[EventDate "2019.??.??"]
[WhiteTeam "SV Sangerhausen"]
[BlackTeam "SC Kreuzberg"]

1. Nf3 d5 2. d4 Nf6 3. c4 e6 4. g3 Be7 5. Bg2 O-O 6. O-O dxc4 7. Ne5 c5 8. dxc5
Nc6 9. Nxc6 bxc6 10. Qa4 a5 11. Bd2 Qd4 12. Bc3 Qxc5 13. Qxc6 Rb8 14. Qxc5 Bxc5
15. Nd2 Ba6 16. Rac1 Bb4 17. Bxf6 Bxd2 18. Rc2 Bb4 19. Be5 Rbc8 20. Rfc1 f6 21.
Bf4 Rfd8 22. a3 Bc5 23. Bd2 a4 24. e3 Rb8 25. Bf1 Rd7 26. Be1 Be7 27. Be2 Kf7
28. Rd1 Rxd1 29. Bxd1 Rd8 30. Be2 Rc8 31. e4 Ke8 32. f4 e5 33. Bc3 Bc5+ 34. Kg2
Bd4 35. Bb4 Kf7 36. Bg4 Rc7 37. Ba5 Rb7 38. Bc8 Rxb2 39. Rxb2 Bxb2 40. Bxa6 c3
41. Bd3 Bxa3 42. Bxc3 exf4 43. gxf4 Bc1 44. Kf3 a3 45. Bc4+ Kg6 46. e5 fxe5 47.
fxe5 Bb2 48. e6 1-0

[Event "Lichtenberger Sommer 2019"]
[Site "Berlin"]
[Date "2019.08.17"]
[Round "1.24"]
[White "Seitz, Manuel"]
[Black "Simon, Ralf-Axel"]
[Result "0-1"]
[WhiteElo "1764"]
[BlackElo "2131"]
[PlyCount "54"]
[EventDate "2019.??.??"]
[WhiteTeam "SC Falkensee"]
[BlackTeam "SF Hannover"]

1. e4 c5 2. Nf3 d6 3. d4 cxd4 4. Nxd4 Nf6 5. Nc3 a6 6. Be3 e5 7. Nb3 Be7 8. Be2
Be6 9. f4 exf4 10. Bxf4 Nc6 11. Qd2 O-O 12. O-O-O Ne5 13. Nd5 Nxe4 14. Qe3 Bxd5
15. Rxd5 Nf6 16. Rd2 Qc7 17. Nd4 Nd5 18. Qg3 Nxf4 19. Qxf4 Ng6 20. Qg3 Qa5 21.
c3 Bg5 22. h4 Bh6 23. Qf3 Qxa2 24. g3 Bxd2+ 25. Kxd2 Qxb2+ 26. Nc2 Ne5 27. Qf4
Rfc8 0-1

[Event "Lichtenberger Sommer 2019"]
[Site "Berlin"]
[Date "2019.08.17"]
[Round "1.25"]
[White "Seitz, Patrick"]
[Black "Vollmar, Torsten"]
[Result "1-0"]
[WhiteElo "2130"]
[BlackElo "1764"]
[PlyCount "73"]
[EventDate "2019.??.??"]
[WhiteTeam "SC Böblingen"]
[BlackTeam "BSV 63 Chemie Weißensee"]

1. e4 e5 2. Nf3 Nc6 3. Bb5 a6 4. Ba4 Nf6 5. O-O b5 6. Bb3 Be7 7. Re1 d6 8. c3
Na5 9. Bc2 c5 10. d4 exd4 11. cxd4 O-O 12. h3 Bb7 13. Nbd2 Nc6 14. d5 Ne5 15.
Nxe5 dxe5 16. b3 Bd6 17. Bb2 Nd7 18. Nf1 Rc8 19. Ne3 g6 20. Qe2 Qg5 21. Bc1 Qe7
22. a4 b4 23. Bd3 a5 24. Bb2 Nb6 25. Rad1 f6 26. Qg4 Kf7 27. g3 h5 28. Qe2 Qd7
29. Qf1 Kg7 30. Rd2 Rf7 31. f4 Rcf8 32. Qf3 Qxh3 33. Rh2 Qc8 34. f5 Rh8 35.
fxg6 Kxg6 36. Nf5 Qf8 37. Nh4+ 1-0

[Event "Lichtenberger Sommer 2019"]
[Site "Berlin"]
[Date "2019.08.17"]
[Round "1.26"]
[White "Müller, Johannes"]
[Black "Brümmel, Arend"]
[Result "0-1"]
[WhiteElo "1760"]
[BlackElo "2129"]
[PlyCount "42"]
[EventDate "2019.??.??"]
[WhiteTeam "SC Eintracht Berlin"]
[BlackTeam "Stader SV"]

1. e4 Nf6 2. Nc3 d5 3. exd5 Nxd5 4. Nxd5 Qxd5 5. Nf3 Bg4 6. Be2 Nc6 7. O-O e6
8. c3 Be7 9. d4 O-O-O 10. Ne5 Nxe5 11. Bxg4 Nxg4 12. Qxg4 h5 13. Qe2 h4 14. Re1
h3 15. f4 hxg2 16. Qxg2 Qh5 17. Bd2 Bd6 18. Re4 Rh6 19. Kh1 Rdh8 20. Re2 Rg6
21. Qf2 Qd5+ 0-1